header

A hole in the bottom of the sea. (Record no. 262681)

MARC details
000 -LEADER
fixed length control field 00230nam a22000977a 4500
020 ## - INTERNATIONAL STANDARD BOOK NUMBER
ISBN 9781782858539
100 ## - MAIN ENTRY--AUTHOR NAME
Personal name Jessica Law
245 ## - TITLE STATEMENT
Title A hole in the bottom of the sea.
260 ## - PUBLICATION, DISTRIBUTION, ETC. (IMPRINT)
Place of publication New York
Name of publisher Barefoot Books
Year of publication 2022
942 ## - ADDED ENTRY ELEMENTS (KOHA)
Koha item type Long Loan Books
Holdings
Withdrawn status Lost status Collection code Home library Current library Shelving location Date acquired Accession Number Koha item type
    Fiction Rongo University Library Rongo University Library Children's Area 30/01/2024 CL20233171 Long Loan Books

© 2026 Rongo University
Contact us: librarian | system librarian | Rongo university